000 00371nam a22001217a 4500
008 180605b xxu||||| |||| 00| 0 eng d
041 _aeng
080 _a043.3
100 _a0
101 _aSHKI-BA
245 _aImplementation of Rapid Application Development User Interface Controls in Asp.Net Application: Implementation in tabsGPSTraceker
_cBiba, B
942 _2udc
_cBK
999 _c46323
_d46323